| 000 | 00984cab a22002055a 4500 | ||
|---|---|---|---|
| 001 | L153194 | ||
| 008 | 110622e20110611xxk 000 0 eng d | ||
| 035 | _a(Sirsi) u153194 | ||
| 041 | 0 | _aeng | |
| 100 | 1 | _aCooke, Elizabeth | |
| 245 | 0 | 2 | _aA fresh approach |
| 260 | _c2011 | ||
| 490 |
_aEstates Gazette _v(1123) 11 June 2011, 76-78(3) |
||
| 520 | _aOutline of the Law Commission's recommendations following its review of the rights that make land effective. The recommendations can be divided into four areas; streamlining the law on easements and profits, improving the interface of these rights with the land registration system, introducing a new legal interest to remedy the defects in the law of covenants and extending the jurisdiction of the Lands Chamber. | ||
| 590 | _aKA | ||
| 651 | 4 |
_aEngland and Wales _y1543- |
|
| 690 | _aPROPERTY-PROPERTY ACQUISITION AND DISPOSAL-REGISTRATION OF TITLE TO PROPERTY-LAND REGISTRATION | ||
| 700 | 1 | _aMacklam, Nicholas | |
| 942 | _n0 | ||
| 999 |
_c83225 _d83225 |
||